[Event "Wch U10"]
[Site "Batumi"]
[Date "2016.10.30"]
[Round "11"]
[White "Akhmedov, Novruz"]
[Black "Liandzbergas, Mykolas"]
[Result "1/2-1/2"]
[WhiteElo "1329"]
[BlackElo "1501"]
[PlyCount "39"]
[EventDate "2016.10.19"]
[EventType "swiss"]
[EventRounds "11"]
[EventCountry "GEO"]
[SourceTitle "EXT 2018"]
[Source "ChessBase"]
[SourceDate "2017.10.13"]
[SourceVersion "1"]
[SourceVersionDate "2017.10.13"]
[SourceQuality "1"]

1. d4 d5 2. c4 dxc4 3. e3 e6 4. Nf3 Nf6 5. Bxc4 c5 6. 0-0 a6 7. Bb3 Nc6 8. Nc3 Be7 9. dxc5 Qxd1 10. Rxd1 Bxc5 11. a3 Bd7 12. Bd2 0-0 13. Rac1 Rfd8 14. Nd4 Rac8 15. Na4 Ba7 16. Nc5 Bxc5 17. Rxc5 Be8 18. Bc1 Kf8 19. Rf1 h6 20. h3 1/2-1/2

[Event "Wch U10"]
[Site "Batumi"]
[Date "2016.10.26"]
[Round "7"]
[White "Akhmedov, Novruz"]
[Black "Ozturk, Efe Hakan"]
[Result "0-1"]
[WhiteElo "1329"]
[BlackElo "1724"]
[PlyCount "80"]
[EventDate "2016.10.19"]
[EventType "swiss"]
[EventRounds "11"]
[EventCountry "GEO"]
[SourceTitle "CBM 175 Extra"]
[Source "ChessBase"]
[SourceDate "2016.12.12"]
[SourceVersion "1"]
[SourceVersionDate "2016.12.12"]
[SourceQuality "1"]

1. d4 d5 2. c4 e6 3. Nc3 Nf6 4. cxd5 exd5 5. Bg5 Be7 6. e3 c6 7. Bd3 0-0 8. Nge2 h6 9. Bh4 Ne4 10. Bxe7 Qxe7 11. 0-0 Nd7 12. Re1 Ndf6 13. f3 Nxc3 14. Nxc3 Be6 15. Qd2 Rad8 16. Rad1 Rfe8 17. Qf2 Qb4 18. Bb1 Re7 19. h3 a5 20. e4 dxe4 21. fxe4 Red7 22. e5 Nd5 23. Ne4 Qf8 24. Nd6 Ne7 25. Re2 Nc8 26. Nxc8 Rxc8 27. Red2 Rcd8 28. Qe3 Qb4 29. Qc3 c5 30. a3 Qc4 31. d5 Qxc3 32. bxc3 Rxd5 33. Rxd5 Rxd5 34. Rxd5 Bxd5 35. Kf2 Kf8 36. g3 Ke7 37. Ke3 g6 38. Bd3 Ke6 39. Kf4 Bb3 40. c4 g5+ 0-1

[Event "Wch U10"]
[Site "Batumi"]
[Date "2016.10.22"]
[Round "4"]
[White "Akhmedov, Novruz"]
[Black "Orozbaev, Eldiar"]
[Result "1-0"]
[WhiteElo "1329"]
[BlackElo "1554"]
[PlyCount "123"]
[EventDate "2016.10.19"]
[EventType "swiss"]
[EventRounds "11"]
[EventCountry "GEO"]
[SourceTitle "CBM 175 Extra"]
[Source "ChessBase"]
[SourceDate "2016.12.12"]
[SourceVersion "1"]
[SourceVersionDate "2016.12.12"]
[SourceQuality "1"]

1. d4 d5 2. c4 e6 3. Nc3 Nf6 4. cxd5 exd5 5. Bg5 Nbd7 6. e3 c6 7. Bd3 Be7 8. Nge2 0-0 9. 0-0 b6 10. Qc2 Bb7 11. Rad1 Rc8 12. Bf5 g6 13. Bh3 Kg7 14. Qa4 Ra8 15. Bxd7 Qxd7 16. Nf4 b5 17. Qc2 h6 18. Bxf6+ Bxf6 19. Nd3 Qd6 20. Nc5 Bc8 21. b4 Bf5 22. Qe2 a5 23. a3 Qe7 24. h3 h5 25. Rfe1 axb4 26. axb4 Ra3 27. Qb2 Rfa8 28. Ra1 Qa7 29. Rac1 Be7 30. f3 Bh4 31. Red1 Qe7 32. Qd2 Re8 33. e4 dxe4 34. fxe4 Bg5 35. Qb2 Bxc1 36. Qxc1 Rea8 37. exf5 Ra1 38. Qd2 Rxd1+ 39. Nxd1 Ra1 40. fxg6 fxg6 41. Nb3 Rb1 42. Nc5 Qa7 43. Kf2 Qf7+ 44. Ke2 Qc4+ 45. Ke1 Rxb4 46. Nb2 Rxb2 47. Qxb2 Qd5 48. Qe2 Kf6 49. Qf3+ Qxf3 50. gxf3 Kf5 51. Kf2 Kf4 52. Na6 g5 53. Nb4 g4 54. hxg4 hxg4 55. fxg4 Kxg4 56. Ke3 Kf5 57. Nxc6 Ke6 58. Ke4 Kd6 59. Nb4 Ke6 60. d5+ Kd6 61. Kd4 Ke7 62. Kc5 1-0

[Event "Wch U10"]
[Site "Batumi"]
[Date "2016.10.21"]
[Round "3"]
[White "Krupa, Miroslav"]
[Black "Akhmedov, Novruz"]
[Result "1-0"]
[WhiteElo "1640"]
[BlackElo "1329"]
[PlyCount "71"]
[EventDate "2016.10.19"]
[EventType "swiss"]
[EventRounds "11"]
[EventCountry "GEO"]
[SourceTitle "CBM 175 Extra"]
[Source "ChessBase"]
[SourceDate "2016.12.12"]
[SourceVersion "1"]
[SourceVersionDate "2016.12.12"]
[SourceQuality "1"]

1. e4 e6 2. d4 d5 3. Nd2 c5 4. exd5 exd5 5. Ngf3 Nc6 6. Bb5 Qe7+ 7. Qe2 Qxe2+ 8. Kxe2 a6 9. Bxc6+ bxc6 10. Re1 f6 11. dxc5 Bxc5 12. Nb3 Bd6 13. Kf1+ Kf7 14. Be3 Rb8 15. Bd4 Ne7 16. Rad1 Bf5 17. Rd2 Rb5 18. a4 Rbb8 19. Kg1 Rb4 20. Nc5 Re8 21. c3 Rc4 22. Nb7 Bf4 23. Be3 Nc8 24. b3 Rce4 25. Nd4 Bxe3 26. fxe3 Bd7 27. Rf2 R4e7 28. Nc5 Bg4 29. h3 Bh5 30. Nxa6 Bg6 31. b4 Nb6 32. Nc5 Nc4 33. Rfe2 Ne5 34. a5 Ra8 35. Ra1 Rc8 36. a6 1-0